Bundesliga Nationalities - Statistics

General Stats
  • This quiz has been taken 1,157 times
  • The average score is 44 of 63
Answer Stats
# Player Country % Correct
246 Thomas Müller Germany
100%
24 David Alaba Austria
98%
19 Corentin Tolisso France
97%
11 Arjen Robben Netherlands
96%
10 Thiago Spain
96%
8 Robert Lewandowski Poland
95%
9 Christian Pulisic United States
95%
8 Shinji Kagawa Japan
94%
7 Emil Forsberg Sweden
94%
5 Thorgan Hazard Belgium
93%
13 Wendell Brazil
93%
6 Andrej Kramaric Croatia
92%
4 Jadon Sancho (*) England
92%
23 Breel Embolo Switzerland
92%
4 Raphaël Guerreiro Portugal
91%
6 Ömer Toprak Turkey
90%
3 Arturo Vidal Chile
89%
2 James Rodríguez Colombia
89%
6 Sokratis Greece
89%
10 Matija Nastasic Serbia
89%
9 Jannik Vestergaard Denmark
88%
4 Vincenzo Grifo Italy
88%
3 Andrey Yarmolenko Ukraine
87%
6 Lucas Alario Argentina
86%
3 Lukas Hradecky Finland
85%
4 Havard Nordtveit Norway
85%
3 Kevin-Prince Boateng Ghana
84%
2 Péter Gulácsi Hungary
83%
1 Yuning Zhang China
77%
2 Ja-Cheol Koo South Korea
77%
2 Kevin Kampl Slovenia
76%
1 Konstantin Rausch Russia
75%
4 Ondrej Duda Slovakia
75%
2 Nabil Bentaleb Algeria
74%
2 Mathew Leckie Australia
72%
2 Salif Sané Senegal
72%
6 Vladimir Darida Czech Republic
69%
1 Amine Harit Morocco
69%
1 Alfred Finnbogason Iceland
68%
1 Leon Bailey Jamaica
66%
2 Marco Fabián Mexico
64%
1 Pierre-Emerick Aubameyang Gabon
63%
1 Alexandru Maxim Romania
62%
3 Leon Balogun Nigeria
61%
2 Amir Abrashi Albania
59%
5 Kenan Kodro Bosnia and Herzegovina
55%
2 Jean-Philippe Gbamin Côte d'Ivoire
51%
2 Raúl Bobadilla Paraguay
51%
2 Naby Keïta Guinea
48%
1 Simon Falette (*) French Guiana
47%
1 Donis Avdijaj Kosovo
47%
1 Artjoms Rudnevs Latvia
46%
1 Sergio Córdova Venezuela
45%
1 Nelson Mandela Mbouhom Cameroon
44%
2 Mohamed Gouaida Tunisia
42%
1 Andersson Ordóñez Ecuador
41%
1 Ihlas Bebou Togo
40%
1 Meris Skenderovic Montenegro
39%
2 Marcel Tisserand D. R. Congo
35%
1 Bakery Jatta Gambia
29%
1 Taleb Tawatha Israel
27%
1 Renat Dadashov Azerbaijan
24%
1 Charlison Benschop (*) Curaçao
8%
No matching quizzes found
Score Distribution
Percent of People with Each Score
Percentile by Number Answered
Your Score History
You have not taken this quiz